twilight saga movies - Statistics

General Stats
  • This quiz has been taken 1,359 times
  • The average score is 5 of 9
Answer Stats
Hint Answer % Correct
What is Bella's dad's name? charlie
92%
What is Jacob's last name? black
90%
What is Bella and Edward's daughter's name? renesmee
79%
What is the lead werewolf's names? sam
75%
What movie does Jacob first take off his shirt? new moon
74%
Who wrote the books? stephenie meyer
44%
Who does Charlie start dating in the last movie? sue clearwater
41%
What is Bella's power? sheild
23%
Why does Alice think Bella dies in New Moon? she jumps off a cliff
10%
No matching quizzes found
Score Distribution
Percent of People with Each Score
Percentile by Number Answered
Your Score History
You have not taken this quiz